Normal view
MARC view
Entry Uniform Title
001 - CONTROL NUMBER
- control field: 18924
003 - CONTROL NUMBER IDENTIFIER
- control field: dpl
005 - DATE AND TIME OF LATEST TRANSACTION
- control field: 20100908140446.0
008 - FIXED-LENGTH DATA ELEMENTS
- fixed length control field: 100908|||a|||||| | ||| d
040 ## - CATALOGING SOURCE
- Original cataloging agency: dpl
- Transcribing agency: dpl
130 ## - HEADING--UNIFORM TITLE
- Uniform title: WE SERIES
670 ## - SOURCE DATA FOUND
- Source citation: Work cat.: (dpl)36148: पंत,पुष्पेश 18923, भारत की विदेश नीति /, 2010
670 ## - SOURCE DATA FOUND
- Source citation: Work cat.: (dpl)36148: पंत,पुष्पेश 18923, भारत की विदेश नीति /, 2010
